Efeito do sistema de cultivo na produção de gladíolos no Alto Vale do Itajaí, SC (Registro n. 332405)
[ somente texto ]
| 000 -LÍDER | |
|---|---|
| fixed length control field | 03786nab a2200325 i 4500 |
| 003 - CÓDIGO MARC DA AGÊNCIA CATALOGADORA | |
| Campo de controle | BR-BrBNA |
| 005 - DATA E HORA DA ÚLTIMA ATUALIZAÇÃO | |
| Campo de controle | 20250704110722.0 |
| 008 - CAMPO DE TAMANHO FIXO | |
| fixed length control field | 250704b2020 bl.tr|pooa||| 00| 0 por | |
| 040 ## - FONTE DA CATALOGAÇÃO | |
| Agência catalogadora | BR-BrBNA |
| Idioma da catalogação | por |
| 072 ## - CATEGORIA AGRIS | |
| Código AGRIS | F01 |
| Código do objeto | 3347 |
| 100 ## - ENTRADA PRINCIPAL - NOME PESSOAL | |
| Nome pessoal | Souza, Alexandra Goede de |
| 100 ## - ENTRADA PRINCIPAL - NOME PESSOAL | |
| Nome pessoal | Broggiatto, Fernanda Gonçalves |
| 100 ## - ENTRADA PRINCIPAL - NOME PESSOAL | |
| Nome pessoal | Azeredo Neto, David Pires de |
| 100 ## - ENTRADA PRINCIPAL - NOME PESSOAL | |
| Nome pessoal | Bosco, Leosane Cristina |
| 100 ## - ENTRADA PRINCIPAL - NOME PESSOAL | |
| Nome pessoal | Jung, Eduardo Affonso |
| 245 ## - TÍTULO PRINCIPAL | |
| Título principal | Efeito do sistema de cultivo na produção de gladíolos no Alto Vale do Itajaí, SC |
| 500 ## - NOTA GERAL | |
| Nota geral | <br/>Publicação online; 15 ref.; 2 tables; 3 illus.; Summaries (En, Pt) |
| 942 ## - ADDED ENTRY ELEMENTS (KOHA) | |
| Koha item type | Analítica |
| 520 ## - NOTA DE RESUMO | |
| Nota de conteúdo | <br/><br/><br/>Resumo – O objetivo deste trabalho foi avaliar o efeito do sistema de cultivo no desenvolvimento das plantas e na qualidade das hastes florais de gladíolos. O delineamento experimental utilizado foi inteiramente casualizado com dois cultivares: White Goddess e Red Beauty; duas datas de colheita: Dias das Mães (DM) e Dia dos namorados (DN); e dois sistemas de cultivo: con-vencional e mínimo. Nas plantas foram avaliados: número de folhas, massa seca total, número de floretes, dias para emergên-cia, ponto de colheita, comprimento e diâmetro da haste. Para Red Beauty cultivado para o DM, o cultivo mínimo proporcionou maior número de folhas, comprimento e diâmetro da haste; e para o DN, aumento da massa seca, do número de floretes e dias para emergência. Para White Goddess houve efeito do sistema de cultivo somente no DM, quando as plantas apresentaram, no cultivo mínimo, maior diâmetro e comprimento da haste e menor da massa seca. Para Red Beauty, 83,4% e 25% das hastes foram classificadas como extra no cultivo mínimo e convencional, respectivamente, enquanto o White Goddess apresentou 100% das hastes como extra em ambos os sistemas de cultivo. <br/><br/><br/>Termos para indexação: Gladiolus x grandiflorus Hort.; Cultivo mínimo; Qualidade da haste |
| 520 ## - NOTA DE RESUMO | |
| Nota de conteúdo | <br/><br/><br/>Abstract – The aim of this work was to evaluate the effect of the cultivation system on plant development and the quality of flo-ral stems of gladiolus. The experimental design was completely randomized with two cultivars: White Goddess and Red Beauty; two harvest dates: Mother’s Day (MD) and Valentine’s Day (VD); and two cultivation systems: conventional and minimum. In the plants were evaluated the number of leaves, total dry mass, number of flowers in the stem, days for the emergence and harvested, stem length and diameter. For cultivar Red Beauty cultivated for MD, the minimum cultivation provided a greater number of leaves, high stem length and diameter; while for VD, the minimum cultivation provided more dry mass, number of flowers in stem and days for emergence. For White Goddess was detected effect of the cultivation system only on MD cultiva-tion. The plants presented high stem length and diameter in the minimum cultivation system, but presented lower dry mass. For Red Beauty, 83.4% and 25% of the stems were classified as extra in minimum and conventional cultivation, respectively, while White Goddess presented 100% of the stems as extra in both cultivation systems. <br/><br/><br/>Index terms: Gladiolus x grandiflorus Hort.; Minimum cultivation; Stem quality |
| 650 ## - ASSUNTO - THESAGRO | |
| Cabeçalho tópico ou nome geográfico | GLADÍOLO |
| 650 ## - ASSUNTO - THESAGRO | |
| Cabeçalho tópico ou nome geográfico | PLANTA ORNAMENTAL |
| 650 ## - ASSUNTO - THESAGRO | |
| Cabeçalho tópico ou nome geográfico | SISTEMA DE CULTIVO |
| 650 ## - ASSUNTO - THESAGRO | |
| Cabeçalho tópico ou nome geográfico | CULTIVO MÍNIMO |
| 650 ## - ASSUNTO - THESAGRO | |
| Cabeçalho tópico ou nome geográfico | QUALIDADE |
| 650 ## - ASSUNTO - THESAGRO | |
| Cabeçalho tópico ou nome geográfico | MORFOLOGIA VEGETAL |
| 773 0# - ENTRADA ANALÍTICA | |
| Host Biblionumber | 1813 |
| Registro do item | 317201 |
| Imprenta | Florianópolis-SC Empresa de Pesquisa Agropecuária e Extensão Rural de Santa Catarina 1988- |
| Outro identificador | 2024-3825 |
| Título | Agropecuária Catarinense (Brazil) |
| ISSN | 0103-0779 |
| Colação | v. 33(2) p. 59-64; (2020) |
| Número de controle de registro | BR2025003888 |
| 856 ## - ACESSO E ENDEREÇO ELETRÔNICO | |
| Identificador uniforme de recurso - URI | https://publicacoes.epagri.sc.gov.br/rac/article/view/550/940 |
Nenhum exemplar disponível.

BINAGRI